General Knowledge #213 - Statistics

General Stats
  • This quiz has been taken 318 times
  • The average score is 8 of 20
Answer Stats
Question Answer % Correct
What does the ‘A’ in DNA stand for? Acid
79%
Besides zinc, which metal do you need to make a battery with a lemon? Copper
62%
Which form of energy is associated with an object's motion? Kinetic
60%
Which dish consists of two halves of an English muffin, each topped with Canadian bacon, a poached egg and hollandaise sauce? Eggs Benedict
57%
Which historical empire achieved its peak power and prosperity under Suleiman the Magnificent? The Ottoman Empire
57%
In which city did the first commercial movie screening take place in 1895? Paris
50%
What is the longest-running American scripted primetime television series? The Simpsons
50%
In the 2014 FIFA World Cup, Germany famously knocked out hosts Brazil in the semi-finals. What was the final score? 7:1
45%
The Danube flows into which body of water? The Black Sea
45%
To which branch of the Indo-European language family do Welsh, Irish and Breton belong? Celtic
43%
Which impressionist artist sculpted ‘The Thinker’? Auguste Rodin
42%
Which stylish clothing item is Mary Quant often credited with inventing in the 1960s? The miniskirt
41%
Which 1960s rock group consisted of Jack Bruce, Ginger Baker and Eric Clapton? Cream
36%
Where did Jersey cows originate? Jersey
34%
What is the number Phi (approximately 1.618) also known as? The Golden Ratio
21%
What does a Bluetooth device use instead of wires or cables to connect with a smartphone or computer? Radio waves
17%
In Norse mythology, which monstrous wolf is one of the three children of Loki? Fenrir
12%
What is the term for the philosophical study of the nature, origin and limits of human knowledge? Epistemology
9%
Which Nigerian writer wrote ‘Americanah’ and ‘Half of a Yellow Sun’? Chimamanda Ngozi Adichie
2%
Harry Hong, Jonas Neubauer and Joseph Saelee are former world champions of which game? Tetris
2%
No matching quizzes found
Score Distribution
Percent of People with Each Score
Percentile by Number Answered
Your Score History
You have not taken this quiz